Novels by C.S. Lewis Quiz Stats

 Plays Quiz not verified by Sporcle

Challenge
Share
Tweet
Embed
Score 0/14 Timer 10:00
0 Plays Today
Year Published Novel % Correct
1950The Lion, Witch, and the Wardrobe
100%
1953The Silver Chair
100%
1952The Voyage of the Dawn Treader
93.3%
1955The Magician's Nephew
93.3%
1942The Screwtape Letters
86.7%
1951Prince Caspian
86.7%
1956The Last Battle
86.7%
Year Published Novel % Correct
1954The Horse and His Boy
73.3%
1945The Great Divorce
53.3%
1938Out of the Silent Planet
46.7%
1945That Hideous Strength
46.7%
1943Perelandra
40%
1956Till We Have Faces
26.7%
1933The Pilgrim's Regress
6.7%

You're not logged in!

Compare scores with friends on all Sporcle quizzes.
OR
Log In

You Might Also Like...

Show Comments

Extras

Top Quizzes Today


Score Distribution

Your Account Isn't Verified!

In order to create a playlist on Sporcle, you need to verify the email address you used during registration. Go to your Sporcle Settings to finish the process.

Report this User

Report this user for behavior that violates our Community Guidelines.

Details: